banner-ar

THE INTERNET INTERNATIONAL DIRECTORY / (Record no. 11085)

MARC details
000 -الفاتح
حقل البيانات ثابتة الطول 00454nam a2200181Ia 4500
008 - عناصر البيانات ثابتة الطول - معلومات عامة
حقل البيانات ثابتة الطول 140319s9999 xx 000 0 eng d
040 ## - مصدر الفهرسة
وكالة الفهرسة الأصلية GCL /
وكالة النسخ GCL
082 04 - رقم تصنيف ديوى العشرى
رقم التصنيف 004.67
رقم المادة W I
100 1# - المدخل الرئيسى - إسم شخصى
الإسم الشخصى WALTZ, MITZI
245 10 - بيان العنوان
العنوان THE INTERNET INTERNATIONAL DIRECTORY /
بيان المسئوليه,etc WALTZ, MITZI
300 ## - الوصف المادى
التعداد 526 P
650 04 - المدخل الاضافى بالموضوع-مصطلح موضوعى
مصطلح موضوعي شعر الحرب
650 04 - المدخل الاضافى بالموضوع-مصطلح موضوعى
مصطلح موضوعي NET WORK
650 04 - المدخل الاضافى بالموضوع-مصطلح موضوعى
مصطلح موضوعي INTERNET
942 ## - عناصر المدخل الإضافي( كوها)
مصدر التصنيف او مخطط الترفيف Dewey Decimal Classification
Koha [default] item type كتاب
260 ## - PUBLICATION, DISTRIBUTION, ETC. (IMPRINT)
-- [S.N] :
-- ZIFF - DAVIS PRESS
Holdings
حالة التراجع حالة الفقد حالة تلف ليس للاعارة المكان المؤقت الموقع الحالى تاريخ الاكتساب اجمالي اﻻعارات رقم الطلب الباركود تاريخ اخر مشاهدة تاريخ تفعيل السعر نوع وعاء كوها
        مكتبة القاهرة الكبرى مكتبة القاهرة الكبرى 03/26/2014   004.67\W I 22101 03/26/2014 03/26/2014 كتاب

Powered By

EGPV